Normal view
MARC view
- Doctor, Jimmy F
Entry Personal Name
001 - CONTROL NUMBER
- control field: 109936
003 - CONTROL NUMBER IDENTIFIER
- control field: NUST
005 - DATE AND TIME OF LATEST TRANSACTION
- control field: 20230307110707.0
008 - FIXED-LENGTH DATA ELEMENTS
- fixed length control field: 230307|| aca||aabn | a|a d
040 ## - CATALOGING SOURCE
- Original cataloging agency: NUST
- Transcribing agency: NUST
100 ## - HEADING--PERSONAL NAME
- Personal name: Doctor, Jimmy F
670 ## - SOURCE DATA FOUND
- Source citation: Work cat.: (NUST): Doctor, Jimmy F., Interior Detailing : , 2019.
